000 01038nam a2200277Ia 4500
003 OSt
005 20221005111257.0
006 a|||||r|||| 00| 0
007 ta
008 221004b |||||||| |||| 00| 0 urd d
020 _a8170558247 (hbk)
_c95
024 _a104424
037 _b371, 17/02/2011, Vani Prakashan
_cTextual
040 _aCRL
_cCRL
_burd
041 _2urd
_aurd
082 _aO168,1N04x, 152P1
100 _aसज्जाद ज़हीर
245 0 _aपिघला नीलम
246 _aPighalā nīlama
260 _aनई दिल्ली
_bवाणी प्रकाशन भारत
_c2001
300 _a79पृ0
_ccm.
650 _aउर्दू साहित्य
700 _a बाक़र, नज्मा ज़हीर, अनु.
_9624174
942 _hO168,1N04x, 152P1
_cTEXL
_2cc
999 _c1021348
_d1021348